000
00273nam a2200121Ia 4500
008
190216s9999||||xx |||||||||||||| ||und||
100
_a
Looyi Karol
245
0
_a
Alice Kanda Adbuthalokam
260
_b
Vidyarthimithram
300
_a
96
650
_a
Kathakal
942
_c
BK
999
_c
27381
_d
27381